<?xml version="1.0" encoding="UTF-8"?>
<record
    xmlns:xsi="http://www.w3.org/2001/XMLSchema-instance"
    xsi:schemaLocation="http://www.loc.gov/MARC21/slim http://www.loc.gov/standards/marcxml/schema/MARC21slim.xsd"
    xmlns="http://www.loc.gov/MARC21/slim">

  <leader>01399nam a2200325Ia 4500</leader>
  <controlfield tag="001">403</controlfield>
  <controlfield tag="003">OSt</controlfield>
  <controlfield tag="005">20250528074019.0</controlfield>
  <controlfield tag="008">250415b           ||||| |||| 00| 1 por d</controlfield>
  <datafield tag="020" ind1=" " ind2=" ">
    <subfield code="a">9788576839422</subfield>
  </datafield>
  <datafield tag="040" ind1=" " ind2=" ">
    <subfield code="b">por</subfield>
  </datafield>
  <datafield tag="041" ind1=" " ind2=" ">
    <subfield code="a">por </subfield>
  </datafield>
  <datafield tag="082" ind1=" " ind2=" ">
    <subfield code="a">028.5</subfield>
    <subfield code="b">K64d</subfield>
  </datafield>
  <datafield tag="100" ind1="1" ind2=" ">
    <subfield code="a">Kinney, Jeff,</subfield>
    <subfield code="d">1971-</subfield>
    <subfield code="9">597</subfield>
  </datafield>
  <datafield tag="240" ind1=" " ind2=" ">
    <subfield code="a">Diary of a Wimpy Kid: Old School</subfield>
  </datafield>
  <datafield tag="245" ind1=" " ind2=" ">
    <subfield code="a">Di&#xE1;rio de um banana</subfield>
    <subfield code="b">: Bons Tempos</subfield>
    <subfield code="c">/ Kinney, Jeff ; tradu&#xE7;&#xE3;o Alexandre Boide</subfield>
  </datafield>
  <datafield tag="260" ind1=" " ind2=" ">
    <subfield code="a">S&#xE3;o Paulo</subfield>
    <subfield code="b">Vergara &amp; Riba</subfield>
    <subfield code="c">2020.</subfield>
  </datafield>
  <datafield tag="300" ind1=" " ind2=" ">
    <subfield code="a">217 p.</subfield>
    <subfield code="b">il.</subfield>
  </datafield>
  <datafield tag="520" ind1=" " ind2=" ">
    <subfield code="a">A vida era melhor antigamente. Bem, pelo menos &#xE9; o que dizem.

Mas Greg Heffley, um garoto bastante acostumado ao conforto do mundo moderno, n&#xE3;o concorda muito com isso.

E uma decis&#xE3;o pol&#xEA;mica vai colocar o seu para&#xED;so tecnol&#xF3;gico em curto-circuito: todos em sua cidade resolvem dar um tempo dos aparelhos eletr&#xF4;nicos.

Dentro e fora de casa, Greg ter&#xE1; que enfrentar o dia a dia &#xE0; moda antiga. Ser&#xE1; que ele vai conseguir sobreviver do mesmo jeitinho que se fazia nos &#x201C;bons e velhos tempos&#x201D;?</subfield>
  </datafield>
  <datafield tag="650" ind1=" " ind2="0">
    <subfield code="a">Literatura Americana</subfield>
    <subfield code="9">84</subfield>
  </datafield>
  <datafield tag="650" ind1=" " ind2="0">
    <subfield code="a">Infantojuvenil</subfield>
    <subfield code="9">200</subfield>
  </datafield>
  <datafield tag="650" ind1=" " ind2="0">
    <subfield code="a">Di&#xE1;rio</subfield>
    <subfield code="9">599</subfield>
  </datafield>
  <datafield tag="650" ind1=" " ind2="0">
    <subfield code="a">Amizade</subfield>
    <subfield code="9">556</subfield>
  </datafield>
  <datafield tag="650" ind1=" " ind2="0">
    <subfield code="a">Vida escolar</subfield>
    <subfield code="9">600</subfield>
  </datafield>
  <datafield tag="655" ind1=" " ind2="0">
    <subfield code="a">Romance</subfield>
    <subfield code="9">23</subfield>
  </datafield>
  <datafield tag="655" ind1=" " ind2="0">
    <subfield code="a">Fic&#xE7;&#xE3;o </subfield>
    <subfield code="9">22</subfield>
  </datafield>
  <datafield tag="700" ind1=" " ind2=" ">
    <subfield code="a">Alexandre Boiade</subfield>
    <subfield code="c">TRADUTOR</subfield>
    <subfield code="9">870</subfield>
  </datafield>
  <datafield tag="830" ind1=" " ind2=" ">
    <subfield code="a">Di&#xE1;rio de um banana</subfield>
    <subfield code="9">598</subfield>
    <subfield code="v">v.10</subfield>
  </datafield>
  <datafield tag="942" ind1=" " ind2=" ">
    <subfield code="2">ddc</subfield>
    <subfield code="c">BK</subfield>
  </datafield>
  <datafield tag="952" ind1=" " ind2=" ">
    <subfield code="0">0</subfield>
    <subfield code="1">0</subfield>
    <subfield code="2">ddc</subfield>
    <subfield code="3">vol. 10</subfield>
    <subfield code="4">0</subfield>
    <subfield code="7">0</subfield>
    <subfield code="8">FIC</subfield>
    <subfield code="a">BIBIB</subfield>
    <subfield code="b">BIBIB</subfield>
    <subfield code="c">IJ</subfield>
    <subfield code="d">2025-04-15</subfield>
    <subfield code="e">doa&#xE7;&#xE3;o</subfield>
    <subfield code="l">0</subfield>
    <subfield code="o">IJ 028.5 / K55d</subfield>
    <subfield code="p">2025-17341</subfield>
    <subfield code="r">2025-04-15 15:22:34</subfield>
    <subfield code="w">2025-04-15</subfield>
    <subfield code="y">BK</subfield>
  </datafield>
  <datafield tag="999" ind1=" " ind2=" ">
    <subfield code="c">403</subfield>
    <subfield code="d">403</subfield>
  </datafield>
</record>
